Economía colombiana : (Registro nro. 5439)

Detalles MARC
000 -LEADER
fixed length control field 01276nam a2200277Ia 4500
003 - CONTROL NUMBER IDENTIFIER
control field OSt
005 - DATE AND TIME OF LATEST TRANSACTION
control field 20200714151734.0
008 - FIXED-LENGTH DATA ELEMENTS--GENERAL INFORMATION
fixed length control field 191128s2013 ck ad gr 000 0 spa d
020 ## - INTERNATIONAL STANDARD BOOK NUMBER
International Standard Book Number 9789587072402
040 ## - CATALOGING SOURCE
Original cataloging agency CO-JMCR
Transcribing agency CO-JMCR
041 0# - LANGUAGE CODE
Language code of text/sound track or separate title spa
082 04 - DEWEY DECIMAL CLASSIFICATION NUMBER
Classification number 330.986 /
Item number R173e
Edition number 23
100 1# - MAIN ENTRY--PERSONAL NAME
Personal name Ramírez Plazas, Jaime,
Relator term autor
9 (RLIN) 7216
245 10 - TITLE STATEMENT
Title Economía colombiana :
Remainder of title marco teórico /
Statement of responsibility, etc. Jaime Ramírez Plazas
250 ## - EDITION STATEMENT
Edition statement Primera edición
260 ## - PUBLICATION, DISTRIBUTION, ETC.
Place of publication, distribution, etc. Bogotá :
Name of publisher, distributor, etc. Librería ediciones del profesional,
Date of publication, distribution, etc. 2013.
300 ## - PHYSICAL DESCRIPTION
Extent xxiv, 177 páginas :
Other physical details gráficos a blanco y negro ;
Dimensions 23 cm.
504 ## - BIBLIOGRAPHY, ETC. NOTE
Bibliography, etc. note Bibliografía: páginas 173-177.
505 0# - FORMATTED CONTENTS NOTE
Formatted contents note Modelo marxista -- Modelo clásico o liberal -- Modelo socialdemócrata -- Modelo neoliberal -- Sector público -- Sector externo
520 0# - SUMMARY, ETC.
Summary, etc. Es un texto académico que sin perder la filosofía que ella encarna dentro de los diferentes modelos económicos, puede ser comprendido por las diferentes displinas académicas sin la profundidad y extensión a que están obligados a desarrollarlas.
650 14 - SUBJECT ADDED ENTRY--TOPICAL TERM
Topical term or geographic name entry element Economía
General subdivision Historia
Geographic subdivision Colombia
9 (RLIN) 6949
650 24 - SUBJECT ADDED ENTRY--TOPICAL TERM
Topical term or geographic name entry element Crédito
General subdivision Historia
Geographic subdivision Colombia
9 (RLIN) 7217
650 24 - SUBJECT ADDED ENTRY--TOPICAL TERM
Topical term or geographic name entry element Mercado laboral
General subdivision Colombia
9 (RLIN) 7218
650 24 - SUBJECT ADDED ENTRY--TOPICAL TERM
Topical term or geographic name entry element Comercio exterior
Geographic subdivision Colombia
9 (RLIN) 7219
942 ## - ADDED ENTRY ELEMENTS (KOHA)
Source of classification or shelving scheme Dewey Decimal Classification
Koha item type Books
Existencias
Withdrawn status Lost status Source of classification or shelving scheme Materials specified (bound volume or other part) Damaged status Not for loan Home library Current library Shelving location Date acquired Source of acquisition Full call number Barcode Date last seen Copy number Price effective from Koha item type
    Dewey Decimal Classification Donación--15/04/2018--     Biblioteca Pública José María del Castillo y Rada Biblioteca Pública José María del Castillo y Rada General Stacks 11/28/2019 Donación--15/04/2018-- 330.986 / R173e 430001912 05/16/2024 Ej.1 11/28/2019 Books